002340000a220007300045001000018000002450067000183000053000857730022001381 aTidwell, N.L.10aNo highway! The outline of a semantic description of mesillâ aVol. 45, Num. 2 (Abril, 1995), Páginas 251-2690 tVetus Testamentum